Statistics for Top 20 NBA Players 2020/21

Click here to take the quiz!

General Stats

  • This quiz has been taken 41 times
    (39 since last reset)
  • The average score is 16 of 20

Answer Stats

RankAnswer% Correct
4Giannis Antetokounmpo
100%
8LeBron James
100%
2Stephen Curry
97%
1Nikola Jokic
95%
10Kevin Durant
89%
19James Harden
86%
16Jimmy Butler
84%
3Joel Embiid
84%
5Luka Doncic
84%
7Damian Lillard
78%
13Devin Booker
78%
6Kawhi Leonard
78%
20Kyrie Irving
78%
11Russell Westbrook
78%
15Jayson Tatum
76%
9Bradley Beal
65%
14Donovan Mitchell
62%
17Rudy Gobert
57%
18Zion Williamson
49%
12Julius Randle
43%

Score Distribution

Percentile by Number Answered

Percent of People with Each Score

Your Score History

You have not taken this quiz since the last reset